000 003060000a22001090004500
100 1 _aMarshall, Mandy
245 1 0 _aCómo disciplinar a los niños
300 _aVol.0, núm.72 (Noviembre, 2007), Páginas 14-15
500 _aDisciplina positiva, valorar a los niños,
773 0 _tPaso a Paso
942 _cANA
999 _c62494
_d62494